000 007050000a22001210004500
100 1 _aRúa Castaño, John Reymon
245 1 0 _aPoderosa es la ley pero más poderosa es la necesidad:acercamiento a los derechos humanos.
300 _ano.19 (ago., 2010), p. 51-55
520 _aDesde la perspectiva económica y política, el surgimiento de los derechos de la tercera generación coincide, o tiene sus fundamentos en la crisis del estado social de derecho que se traduce en la incapacidad del estado para cumplir con sus cometidos teóricos, que no son otra cosa que hacer realidad los derechos de la segunda generación.
650 1 4 _aDERECHOS
773 0 _tRevista Tecnológico de Antioquia
942 _cANA
999 _c63414
_d63414